000
00315nam a22001457a 4500
003
SGT
020
_a
978-93-81608-77-7
082
_a
615.53
_b
R16H
100
_a
HIREMATH,SHOBHA.G
245
_a
RASAABHIYANNA
260
_a
NEW DELHI
_b
CHAUKHAMBA PUB
_c
2016
300
_a
253
650
_a
AYURVEDA
942
_2
ddc
_c
BK
999
_c
16698
_d
16698